Normal view
MARC view
- Rimsha Mehek,(117108)
Entry Personal Name
001 - CONTROL NUMBER
- control field: 126323
003 - CONTROL NUMBER IDENTIFIER
- control field: NUST
005 - DATE AND TIME OF LATEST TRANSACTION
- control field: 20241008135851.0
008 - FIXED-LENGTH DATA ELEMENTS
- fixed length control field: 241008|| aca||aabn | a|a d
040 ## - CATALOGING SOURCE
- Original cataloging agency: NUST
- Transcribing agency: NUST
100 ## - HEADING--PERSONAL NAME
- Personal name: Rimsha Mehek,(117108)
670 ## - SOURCE DATA FOUND
- Source citation: Work cat.: (NUST): Rimsha Mehek,(117108), MIL Derived C-Supported Vanadium Oxides Based Electrode Materials for Metal-Ion Batteries/
